| 000 | 00818cam a2200277 i 4500 | ||
|---|---|---|---|
| 001 | 200454306 | ||
| 003 | TR-AnTOB | ||
| 005 | 20250721144422.0 | ||
| 007 | ta | ||
| 008 | 160411s2019 tu 000 0 tur | ||
| 020 | _a9786058635227 | ||
| 040 |
_aGAZIU _beng _erda _cTR-AnTOB |
||
| 041 | _atur | ||
| 060 | 1 | 0 |
_aW 84.1 _bS129 2019 |
| 090 |
_aW 84.1 _bS129 2019 |
||
| 245 | 0 | 0 |
_aSağlık hizmetinde yönetsel sorunların analizi / _cDilek Ekici ... [ve başkaları] |
| 264 | 1 |
_aAnkara : _bSim Ajans, _c2019. |
|
| 300 |
_a400 pages : _billustrations ; _c24 cm |
||
| 336 |
_atext _btxt _2rdacontent |
||
| 337 |
_aunmediated _bn _2rdamedia |
||
| 338 |
_avolume _bnc _2rdacarrier |
||
| 650 | 1 | 2 |
_aHealth Services Administration _92220 |
| 700 | 1 |
_aEkici, Dilek _9149297 |
|
| 942 |
_2NLM _cBK |
||
| 999 |
_c200454306 _d72518 |
||